Normal view
MARC view
- MATERIALS FATIGUE FRACTURE MECHANICS
Entry Topical Term
001 - CONTROL NUMBER
- control field: 66787
003 - CONTROL NUMBER IDENTIFIER
- control field: NUST
005 - DATE AND TIME OF LATEST TRANSACTION
- control field: 20210628203654.0
008 - FIXED-LENGTH DATA ELEMENTS
- fixed length control field: 210628|| aca||aabn | a|a d
040 ## - CATALOGING SOURCE
- Original cataloging agency: NUST
- Transcribing agency: NUST
150 ## - HEADING--TOPICAL TERM
- Topical term or geographic name entry element: MATERIALS FATIGUE FRACTURE MECHANICS
670 ## - SOURCE DATA FOUND
- Source citation: Work cat.: (NUST): Masahiro, Jono, Komai, K, Tanaka, T 66786, Current research on fatigue cracks, 1987
